Statistics for Countries with embassies and consulates in Malaysia

Click here to take the quiz!

General Stats

  • This quiz has been taken 15 times
  • The average score is 78 of 99

Answer Stats

Continent Country % Correct
AsiaIndia
100%
AsiaLaos
100%
North AmericaUnited States of America
100%
OceaniaAustralia
100%
EuropeAustria
100%
EuropeItaly
100%
North AmericaMexico
100%
EuropeGermany
100%
AsiaVietnam
100%
AsiaThailand
100%
EuropeUnited Kingdom
100%
AsiaCambodia
100%
Europethe Netherlands
100%
EuropeFrance
100%
AsiaChina
100%
AsiaSouth Korea
100%
EuropeSpain
92%
AsiaJapan
92%
AsiaIraq
92%
AfricaSouth Africa
92%
AsiaAfghanistan
92%
AsiaSaudi Arabia
92%
AsiaIran
92%
AsiaMyanmar
92%
AsiaNepal
92%
OceaniaNew Zealand
92%
EuropeNorway
92%
AsiaOman
92%
AsiaPakistan
92%
OceaniaPapua New Guinea
92%
South AmericaPeru
92%
AfricaCAlgeria
92%
AsiaIndonesia
92%
Asiathe Philippines
92%
Asia/ EuropeTurkey
92%
EuropeSweden
92%
AfricaEgypt
92%
AsiaUnited Arab Emirates
92%
South AmericaColombia
92%
South AmericaBrazil
92%
EuropeBelgium
92%
AsiaYemen
92%
EuropeSwitzerland
92%
South AmericaArgentina
92%
AsiaBangladesh
85%
AsiaNorth Korea
85%
AfricaNigeria
85%
South AmericaVenezuela
85%
North AmericaCanada
85%
South AmericaChile
85%
EuropePortugal
85%
EuropeRomania
85%
EuropeDenmark
85%
OceaniaFiji
85%
AsiaKuwait
85%
EuropeIreland
85%
North AmericaCuba
85%
South AmericaUruguay
77%
Asia/ EuropeRussia
77%
AsiaSingapore
77%
AsiaSri Lanka
77%
AfricaSudan
77%
AsiaQatar
77%
AsiaSyria
77%
AfricaMorocco
77%
AsiaLebanon
77%
AsiaBrunei
77%
South AmericaEcuador
77%
AsiaJordan
77%
EuropeHungary
77%
AsiaGeorgia
69%
AsiaAzerbaijan
69%
AsiaUzbekistan
69%
AfricaLibya
69%
EuropeCzech Republic
69%
AfricaKenya
69%
AsiaKazakhstan
69%
EuropeUkraine
69%
AfricaZimbabwe
62%
EuropeCroatia
62%
AsiaTurkmenistan
62%
AsiaTajikistan
62%
AsiaKyrgyzstan
62%
AfricaGhana
62%
Asiathe Maldives
62%
AfricaMauritius
54%
EuropeBosnia and Herzegovina
54%
AfricaSomalia
54%
OceaniaTimor Leste
46%
AfricaGuinea
46%
AfricaTanzania
46%
EuropeVatican City
46%
AfricaSenegal
38%
AfricaNamibia
31%
OceaniaSolomon Islands
31%
AfricaGambia
31%
AsiaPalestine
31%
AfricaSwaziland
15%
EuropeFinand
0%

Score Distribution

Percentile by Number Answered

Percent of People with Each Score

Your Score History

You have not taken this quiz